Retaking America : crushing political correctness ... Read More
Available copies
- 1 of 1 copy available at LARL/NWRL Consortium.
- 1 of 1 copy available at Lake Agassiz Regional Library. (Show preferred library)
Current holds
0 current holds with 1 total copy.
Show Only Available Copies
| Location | Call Number / Copy Notes | Barcode | Shelving Location | Status | Due Date |
|---|---|---|---|---|---|
| Fosston Public Library | 306.0973 ADA (Text) | 33500012247995 | Main | Available | - |
Record details
- ISBN: 1618688502
- ISBN: 9781618688507
- Physical Description: xxxi, 235 pages ; 22 cm
- Publisher: New York, NY : Post Hill Press, 2016.
- Copyright: ©2016
Content descriptions
| General Note: | "A Post Hill Press book." |
| Bibliography, etc. Note: | Includes bibliographical references (pages ... Read More |
Search for related items by subject
| Subject: | Political correctness > United States. Freedom of speech > United States. Censorship > United States. |
| LDR | 01253cam a2200373Ii 4500 | ||
|---|---|---|---|
| 001 | 201967 | ||
| 003 | LARL_NWRL_CONSORTIUM | ||
| 005 | 20160225143635.0 | ||
| 008 | 150624t20162016nyu b 000 0 eng d | ||
| 020 | . | ‡a1618688502 | |
| 020 | . | ‡a9781618688507 | |
| 035 | . | ‡a(OCoLC)911594435 | |
| 043 | . | ‡an-us--- | |
| 082 | 0 | 4. | ‡a306/.0973 ‡223 |
| 100 | 1 | . | ‡aAdams, Nick, ‡d1984- ‡eauthor. ‡0(LARL_NWRL_CONSORTIUM)223436 |
| 245 | 1 | 0. | ‡aRetaking America : ‡bcrushing political correctness / ‡cNick Adams. |
| 264 | 1. | ‡aNew York, NY : ‡bPost Hill Press, ‡c2016. | |
| 264 | 4. | ‡c©2016 | |
| 300 | . | ‡axxxi, 235 pages ; ‡c22 cm | |
| 336 | . | ‡atext ‡btxt ‡2rdacontent | |
| 337 | . | ‡aunmediated ‡bn ‡2rdamedia | |
| 338 | . | ‡avolume ‡bnc ‡2rdacarrier | |
| 500 | . | ‡a"A Post Hill Press book." | |
| 504 | . | ‡aIncludes bibliographical references (pages 219-235). | |
| 650 | 0. | ‡aPolitical correctness ‡zUnited States. ‡0(LARL_NWRL_CONSORTIUM)166761 | |
| 650 | 0. | ‡aFreedom of speech ‡zUnited States. ‡0(LARL_NWRL_CONSORTIUM)165028 | |
| 650 | 0. | ‡aCensorship ‡zUnited States. ‡0(LARL_NWRL_CONSORTIUM)164155 | |
| 905 | . | ‡uvanderl | |
| 901 | . | ‡a201967 ‡b ‡c201967 ‡tbiblio ‡soclc | |

Add to basket
Permalink
Disable Highlighting